000 00878nam a2200277 a 4500
001 66896
003 BD-RjUL
005 20211209081607.0
008 170320s20092007njua 001 0 eng d
020 _a9788131715864
035 _a(BD-RjUL)67027
040 _aDLC
_cDLC
_dBAKER
_dC#P
_dBD-RjUL
_beng
041 _aeng
082 0 0 _a005.133
_223
_bDEV 2009
100 1 _aDeitel, Harvey M.,
_d1945-
_9198083
245 1 0 _aVisual C# 2005 :
_bhow to program /
_cH.M. Deitel and P.J. Deitel.
250 _a2nd ed.
260 _aUpper Saddle River, N.J. :
_bPearson/Prentice Hall,
_cc2007 [impression 2009]
300 _axxxviii, 1591 p. :
_bill. ;
_c24 cm.
490 _aHow to program series
500 _aIncludes index.
650 0 _aC# (Computer program language)
_9198084
700 1 _aDeitel, Paul J.
_9198085
830 0 _aHow to program series
_9198096
942 _2ddc
_cBK
999 _c66896
_d66896